Представление документа в формате MARC21

Поле Инд. ПП Название Значение
Тип записи a
Библиографический уровень b
001 Контрольный номер UNIDUBNAa7ea23cca63e4944bfd38637373c789a
005 Дата корректировки 20260330205739.5
008 Кодируемые данные 20170331
040 b Код языка каталог. rus
e Правила каталог. PSBO
041 0_ a Код языка текста rus
084 a Индекс другой классификации/Индекс ББК 63.3(2)6-7; 83.3(2=411.2)6
100 1_ a Автор Лепский Ю.
q Полное имя Лепский Юрий
245 10 a Заглавие Бродский: от Оси до Джозефа
b Продолж. заглавия Беседа с издателем Эллендеей Проффер Тисли, открывшей миру русского поэта
520 0_ a Аннотация Тридцать лет назад умер Иосиф Бродский. Обозреватель "Родины" беседовал с американским издателем Эллендеей Проффер Тисли, впервые напечатавшей стихи поэта в издательстве "Ардис". Карл Проффер и его жена Эллендея не только издали стихи Бродского. Карл Проффер первым встретил его в Вене 4 июня 1972 года, куда опальный поэт прилетел из Ленинграда. Бродский был лишен родины и любимого города. Именно благодаря Профферам новоиспеченный эмигрант получил должность профессора Мичиганского университета, смог пережить расставание с Отечеством, сохранить в себе поэтический дар и приспособить его к новым обстоятельствам. Со временем он получил мировое признание, Нобелевскую премию и ясное понимание собственного предназначения.
600 14 a Персоналии Бродский Иосиф Александрович
650 14 a Основная рубрика история
a Основная рубрика история литературы
a Основная рубрика литературоведение
a Основная рубрика филологические науки
653 0_ a Ключевые слова XX век
a Ключевые слова культура
a Ключевые слова общественно-политическая жизнь
a Ключевые слова поэзия
a Ключевые слова Россия
a Ключевые слова русская литература
a Ключевые слова советский период
a Ключевые слова СССР
a Ключевые слова эмиграция
773 08 t Заглавие источника Родина
d Дата издания источника 2026
g Прочая информация № 3. - С. 84 - 87 : фот., ил.
w Контрольный № источника UNIDUBNA8e384adf22fc4923a3be5386c8a50a4e
901 t Тип документа b